00943nam a22002297a 4500003000900000008004100009040007100050082002500121110007600146245010200222260009200324300002800416440005900444505004000503650002300543650002600566650002700592650002500619650002100644650002400665700002400689AR-CdUCM190321b ||||| |||| 00| 0 spa d aMUNICIPALIDAD PROVINCIAL DEL CUSCOcBIBLIOTECA MUNICIPAL DEL CUSCO a985.008 /bC7321971 aComisión nacional del Sesquicentenario de la Independencia del Perú aLa expedición libertadora /cInvestigación, recopilación y prólogo por Gustavo Pons Muzzo aLima :bComisión nacional del Sesquicentenario de la Independencia del Perú,c1971. a3 volúmenes ;c24 cm. aColección documental de la independencia del Perú. aContenido: Expedición libertadora aPerú colecciones aIndependencia peruana aEmancipación peruana aFuentes históricas aFuentes escritas aHistoria del Perú aPons Muzzo, Gustavo